50 lat Miejskiej Biblioteki Publicznej w Szczytnie
| Titel: | 50 lat Miejskiej Biblioteki Publicznej w Szczytnie |
|---|---|
| Verfasser: | |
| In: |
Bibliotekarz Olsztyński, Heft 3/4 (1997), Seite 7-9 alle Artikel anzeigen |
| Veröffentlicht: | 1997 [1998] |
| Format: | Aufsatz |
| Sprache: | Polnisch |
X
alg: 39354031 001A $01999:12-11-16 001B $01999:25-05-21 $t21:43:25.000 001D $01999:12-11-16 001U $0utf8 001X $00 002@ $0Aox 003@ $0393540316 007A $0393540316 $aHEB 007T $0Herdt06684 010@ $apol 011@ $a1997 $n1997 [1998] 021A $a50 lat Miejskiej Biblioteki Publicznej w Szczytnie 027A $a50 Jahre Öffentliche Stadtbibliothek in Ortelsburg 028A $aPijanowska $dJadwiga 031A $e3/4 $h7-9 $j1997 039B $aIn $8--Abvc--. Bibliotekarz Olsztyński. - Olsztyn : Woj. Bibl. Publ., 1983-1998. - ISSN 1426-4218 $x199700000000003993 $9287103307 045F $a307.094382 $eDDC23BSB 045F/01 $a307.09 045F/03 $g4382 045F/03 $g43832 046C $a50 Jahre Öffentliche Stadtbibliothek in Ortelsburg $bÜbers. des Hauptsacht. lok: 39354031 78 exp: 39354031 78 1 #EPN 201B/01 $007-05-19 $t22:37:12.000 201U/01 $0utf8 203@/01 $0789650754 208@/01 $a12-11-16 $be 209A/01 $a/ $f000 $x00 220C/01 $aTitelaufnehmer: uz 244Z/01 $2Trx $#Prusy Wschodnie i Zachodnie $8--Trx--Ost- und Westpreußen $x01 $939113373X 244Z/01 $#Ortelsburg $74102134-4 $8--Tg1--Szczytno $x02 $9085297658 244Z/01 $aGeschichte 1947-1997 $x03 244Z/01 $2Trx $#raamatukogud üldised $#bibliotekos bendras $#Libraries general $#könyvtárak általános $#biblioteki ogólnie $#knižnice všeobecne $#knihovny všeobecně $8--Trx--Bibliotheken$gallgemein $x04 $9391362151 244Z/01 $2Trx $8--Trx--Zeitschriftenaufsatz $x05 $9391384341 245Z/01 $a13.03 $x01 245Z/01 $a11.06 $x02 247C/01 $82080>Marburg/Lahn, Herder-Institut, Forschungsbibliothek, Bibliographieportal $9336309341
| LEADER | 00000caa a22000002c 4500 | ||
|---|---|---|---|
| 001 | 393540316 | ||
| 003 | DE-603 | ||
| 005 | 20210525214325.0 | ||
| 007 | tu | ||
| 008 | 161112s1997 xx |||| | u00||u|pol c | ||
| 035 | |a (DE-599)HEB393540316 | ||
| 040 | |a DE-603 |b ger |c DE-603 |d DE-603 | ||
| 041 | |a pol | ||
| 082 | 0 | 4 | |8 1\u |a 307.094382 |q DE-101 |2 23/BSB |
| 085 | |8 1\u |b 307.09 | ||
| 085 | |8 1\u |z 2 |s 4382 | ||
| 085 | |8 1\u |z 2 |s 43832 | ||
| 100 | 1 | |a Pijanowska, Jadwiga | |
| 245 | 0 | 0 | |a 50 lat Miejskiej Biblioteki Publicznej w Szczytnie |
| 246 | 1 | |i Übers. des Hauptsacht. |a 50 Jahre Öffentliche Stadtbibliothek in Ortelsburg | |
| 246 | 1 | 3 | |a 50 Jahre Öffentliche Stadtbibliothek in Ortelsburg |
| 264 | 0 | |c 1997 [1998] | |
| 773 | 0 | 8 | |i In |t Bibliotekarz Olsztyński |d Olsztyn : Woj. Bibl. Publ., 1983-1998 |x 1426-4218 |g Heft 3/4 (1997), Seite 7-9 |w (DE-603)287103307 |w (DE-600)2645626-6 |
| 924 | 0 | |9 2080 |a (DE-603)789650754 |b DE-2080 |c HES |d d |g / | |


